000 01985nam a22002657a 4500
999 _c57954
_d57954
003 Ge_BSU
005 20210407172832.0
008 210407s1964 ge ||||| |||| 00| 0 geo d
041 _ageo
080 _a581.9(479.22)(083.71) ს-32
245 _aსაქართველოს მცენარეების სარკვევი :
_bტ. 1 /
_c[მთ. რედ. ნ. კეცხოველი ; პასუხისმგებელი რედ. : ანა ხარაძე, შ. ქუთათელაძე ; ტომის შემდგ. : ქ. გაჩეჩილაძე, ა. დოლუხანოვი, ო. კაპელერი და სხვა] ; საქ. სსრ მეცნ. აკად., ბოტანიკის ინ-ტი.
264 _aთბილისი :
_bმეცნიერება,
_c1964.
300 _a461 გვ.
_b26 სმ.
653 _a საქართველოს მცენარეები
653 _a საქართველოს ფლორა
653 _aბოტანიკა
700 _a კეცხოველი, ნ
_eმთავარი რედაქტორი
_911167
700 _aხარაძე, ანა
_eპასუხისმგებელი რედაქტორი
_911168
700 _a ქუთათელაძე, შ.
_eპასუხისმგებელი რედაქტორი
_911169
700 _aგაჩეჩილაძე, ქ.
_eტომის შემდგენელი
_911170
700 _aდოლუხანოვი, ა.
_eტომის შემდგენელი
_911171
700 _aკაპელერი, ო.
_eტომის შემდგენელი
_911164
710 _aსაქართველოს სსრ მეცნიერებათა აკადემია, ბოტანიკის ინსტიტუტი.
_911166
942 _2udc
_cBK